Statistics for Color Vocabulary Words in Spanish

Click here to take the quiz!

General Stats

  • This quiz has been taken 21,830 times
    (21,826 since last reset)
  • The average score is 8 of 10

Answer Stats

EnglishEspañol% Correct
WhiteBlanco
96%
BlackNegro
94%
GreenVerde
93%
BlueAzul
92%
RedRojo
92%
YellowAmarillo
84%
OrangeNaranja / Anaranjado
80%
PinkRosa
77%
GreyGris
76%
GoldenDorado
31%

Score Distribution

Percentile by Number Answered

Percent of People with Each Score

Your Score History

You have not taken this quiz since the last reset